书目信息 |
| 题名: |
尔雅今注
|
|
| 作者: | 徐朝华 注 | |
| 分册: | ||
| 出版信息: | 天津 南开大学出版社 1987.7 |
|
| 页数: | 352页 | |
| 开本: | 21cm | |
| 丛书名: | ||
| 单 册: | ||
| 中图分类: | H131.2 | |
| 科图分类: | ||
| 主题词: | 《尔雅》 | |
| 电子资源: | ||
| ISBN: | ||
| 000 | 00636nam0 2200253 45 | |
| 001 | 0188005503 | |
| 005 | 20050105113415.7 | |
| 010 | @dCNY2.90 | |
| 011 | @a9301.13 | |
| 020 | @aCN@b88005503 | |
| 092 | @aCN9301.13 | |
| 100 | @a19910411d1987 ekmy0chiy0120 ea | |
| 101 | 0 | @achi |
| 102 | @aCN@b120000 | |
| 105 | @ay z 001zy | |
| 200 | 10 | @a尔雅今注@Aer ya jin zhu@f徐朝华注@Fxu chao hua zhu |
| 210 | @a天津@c南开大学出版社@d1987.7 | |
| 215 | @a352页@d21cm | |
| 605 | @a《尔雅》@x注释 | |
| 606 | @a《尔雅》 | |
| 690 | @aH131.2@v1980 | |
| 701 | 0 | @a徐朝华@4注 |
| 801 | 0 | @aCN@bNLC@c19910411 |
| 905 | @f1@b254955@dH131.2@e185 | |
| 尔雅今注/徐朝华注.-天津:南开大学出版社,1987.7 |
| 352页;21cm |
| ISBN :CNY2.90 |
| ● |
| 相关链接 |
|
|
|
|
正题名:尔雅今注
索取号:H131.2/185
 
预约/预借
| 序号 | 登录号 | 条形码 | 馆藏地/架位号 | 状态 | 备注 |
| 1 | 0254954 | 000838614 | 第二样本阅览室/ [索取号:H131.2/185] | 在馆 | |
| 2 | 0254955 | 001965136 | 第四借阅区/ [索取号:H131.2/185] | 在馆 |